[Event "Remote 11er 0041 email"]
[Site "Remote email"]
[Date "2012.06.09"]
[Round "?"]
[White "Bianchi de Moura, Fabio"]
[Black "Schneider, Hans"]
[Result "1-0"]
[WhiteElo "1857"]
[BlackElo "2355"]
[PlyCount "67"]
[EventDate "2012.??.??"]
[EventType "tourn (corr)"]
[EventRounds "10"]
[EventCountry "GER"]
[SourceTitle "Corr 2015"]
[Source "ChessBase"]
[SourceDate "2015.07.17"]
[SourceVersion "1"]
[SourceVersionDate "2015.07.17"]
[SourceQuality "1"]

1. c4 e5 2. Nc3 Nf6 3. Nf3 Nc6 4. g3 d5 5. cxd5 Nxd5 6. Bg2 Nxc3 7. bxc3 Bc5 8. 0-0 0-0 9. d4 exd4 10. cxd4 Nxd4 11. Nxd4 Qxd4 12. Qxd4 Bxd4 13. Rb1 Re8 14. e3 Bb6 15. a4 Bf5 16. Rb2 Be4 17. Bd2 Rad8 18. a5 Bxg2 19. Kxg2 Bc5 20. Rc2 b6 21. Rfc1 f6 22. Kf3 Rd5 23. Be1 Kf7 24. Bd2 Bd6 25. Be1 Rc5 26. Bd2 b5 27. Rxc5 Bxc5 28. Rxc5 Re7 29. Rxb5 Rd7 30. Bb4 Ke6 31. Rb7 a6 32. Ra7 Kd5 33. Rxa6 Kc4 34. Be1 1-0

[Event "Remote 11er 0041 email"]
[Site "Remote email"]
[Date "2012.06.09"]
[Round "?"]
[White "Santos, Pedro Miguel da Ros"]
[Black "Bianchi de Moura, Fabio"]
[Result "1-0"]
[WhiteElo "1761"]
[BlackElo "1857"]
[PlyCount "91"]
[EventDate "2012.??.??"]
[EventType "tourn (corr)"]
[EventRounds "10"]
[EventCountry "GER"]
[SourceTitle "Corr 2015"]
[Source "ChessBase"]
[SourceDate "2015.07.17"]
[SourceVersion "1"]
[SourceVersionDate "2015.07.17"]
[SourceQuality "1"]

1. e4 c5 2. Nf3 d6 3. Bc4 e6 4. d3 Nc6 5. 0-0 Be7 6. a3 Nf6 7. Re1 0-0 8. c3 Qa5 9. Bd2 b5 10. Ba2 Ng4 11. b4 cxb4 12. axb4 Qb6 13. d4 e5 14. h3 Nf6 15. d5 Nb8 16. Be3 Qc7 17. Qd3 a6 18. Bb3 Nbd7 19. Na3 Bb7 20. c4 bxc4 21. Nxc4 Nh5 22. Rec1 Qb8 23. Qe2 Nf4 24. Bxf4 exf4 25. Rab1 Bf6 26. Ba4 Ne5 27. Nb6 Qa7 28. Nxa8 Rxa8 29. Nxe5 Bxe5 30. Bd7 Bxd5 31. exd5 Qxd7 32. Rc6 Qf5 33. Rbc1 g6 34. Rxa6 Rb8 35. b5 h5 36. Ra3 Qg5 37. Rb3 f3 38. Qf1 fxg2 39. Qd1 h4 40. Rb4 Bf4 41. Rcc4 Bd2 42. Rg4 Rc8 43. Rxg5 Rc1 44. Qxc1 Bxc1 45. Rxg2 Bd2 46. Rxh4 1-0

[Event "Remote 7er 0085 email"]
[Site "Remote email"]
[Date "2011.11.24"]
[Round "?"]
[White "Paz y Barriga, Gustavo"]
[Black "Bianchi de Moura, Fabio"]
[Result "1-0"]
[WhiteElo "2188"]
[BlackElo "1857"]
[PlyCount "43"]
[EventDate "2011.??.??"]
[EventType "tourn (corr)"]
[EventRounds "6"]
[EventCountry "GER"]
[SourceTitle "Corr 2015"]
[Source "ChessBase"]
[SourceDate "2015.07.17"]
[SourceVersion "1"]
[SourceVersionDate "2015.07.17"]
[SourceQuality "1"]

1. e4 e5 2. Nf3 Nc6 3. Bc4 Nf6 4. d3 Bc5 5. Nc3 d6 6. Be3 Nd4 7. Bxd4 exd4 8. Na4 Bb4+ 9. c3 dxc3 10. Bxf7+ Kf8 11. bxc3 Bxc3+ 12. Nxc3 Kxf7 13. Ng5+ Kg6 14. f4 h6 15. f5+ Bxf5 16. exf5+ Kxg5 17. 0-0 Qe7 18. h4+ Kxh4 19. g3+ Kh3 20. Qd2 Nh5 21. Qg2+ Kg4 22. Ne4 1-0

[Event "Remote 7er 0085 email"]
[Site "Remote email"]
[Date "2011.11.24"]
[Round "?"]
[White "Tortoza, Carlos Alberto"]
[Black "Bianchi de Moura, Fabio"]
[Result "0-1"]
[WhiteElo "1787"]
[BlackElo "1857"]
[PlyCount "84"]
[EventDate "2011.??.??"]
[EventType "tourn (corr)"]
[EventRounds "6"]
[EventCountry "GER"]
[SourceTitle "Corr 2015"]
[Source "ChessBase"]
[SourceDate "2015.07.17"]
[SourceVersion "1"]
[SourceVersionDate "2015.07.17"]
[SourceQuality "1"]

1. e4 e5 2. c3 Nc6 3. Nf3 Nf6 4. d3 Bc5 5. d4 exd4 6. cxd4 Bb4+ 7. Bd2 Nxe4 8. Bxb4 Nxb4 9. a3 Nc6 10. Bb5 Qe7 11. 0-0 0-0 12. Bxc6 bxc6 13. Nbd2 d5 14. Ne5 Bb7 15. f4 f5 16. Ndf3 Qd6 17. Qb3 Rfb8 18. Qc2 c5 19. b3 Ba6 20. Rfd1 Rb6 21. Rdb1 cxd4 22. Nxd4 g6 23. b4 Rc8 24. Ndc6 d4 25. Qb3+ Kg7 26. Qf7+ Kh6 27. Rf1 Bxf1 28. Rxf1 Rxc6 29. Nxc6 Qxc6 30. Qe7 Re8 31. Qg5+ Nxg5 32. fxg5+ Kxg5 33. h4+ Kg4 34. Rf3 Re1+ 35. Rf1 Rxf1+ 36. Kxf1 d3 37. Ke1 Qc1+ 38. Kf2 d2 39. h5 f4 40. g3 Qe1+ 41. Kg2 f3+ 42. Kh2 Qf2+ 0-1

[Event "Remote Swiss email"]
[Site "Remote email"]
[Date "2011.01.30"]
[Round "2"]
[White "Bianchi de Moura, Fabio"]
[Black "Santos, Pedro Miguel da Ros"]
[Result "1-0"]
[WhiteElo "1857"]
[BlackElo "1893"]
[PlyCount "57"]
[EventDate "2011.??.??"]
[EventType "swiss (corr)"]
[EventRounds "6"]
[EventCountry "GER"]
[SourceTitle "Corr 2015"]
[Source "ChessBase"]
[SourceDate "2015.07.17"]
[SourceVersion "1"]
[SourceVersionDate "2015.07.17"]
[SourceQuality "1"]

1. d4 d5 2. e3 Nf6 3. Bd3 Nc6 4. f4 e6 5. c3 Be7 6. Nf3 b6 7. Nbd2 a6 8. 0-0 0-0 9. Ne5 Nxe5 10. fxe5 Ne8 11. Bxh7+ Kxh7 12. Qh5+ Kg8 13. Rf3 g6 14. Rg3 Ng7 15. Qg4 Nf5 16. Rh3 Kg7 17. e4 Nh6 18. Qg3 dxe4 19. Rxh6 Kxh6 20. Nxe4+ Kg7 21. Nf6 Rh8 22. h4 Bxf6 23. exf6+ Qxf6 24. Bg5 Qf5 25. Rf1 Qd5 26. Bf6+ Kh7 27. Bxh8 f5 28. Bf6 Ra7 29. h5 1-0